00374 2200157 4500001002100000005001500021035002000036245003500056100001400091250001100105300002300116260004100139082000600180084001200186020001800198INLIS00000000000032220240809083130 a0010-08240000011 aTanah Para Bandit /cTere Liye0 aTere Liye acet. 7 a436 hlm. ;c20 cm. aDepok :bSabak Grip Nusantara,c2024 aF aF TER t a9786238829675